Les 10 vidéos les plus vues de Squeezie - Statistiques

Statistiques générales
  • Ce quiz a été pris 289 fois
  • Le résultat moyen est 5 sur 10
Statistiques - réponses
M de vue Invités Année de sortie Titre % Correct
61 MydKrono 2021 Time time
87%
53 KezahFreddy Cladieux 2019 Mirador
73%
67 Cyprien Mister vNatoo Julfou Andy Lola Dubini Alphacast Mamytwink Eleonore Costes 2017 Overwatch rap battle
63%
37 Joyca 2019 Bye bye
61%
46 Bigflo & Oli 2017 Freestyle du dico
54%
38 Maxenss 2017 Placements de produits
39%
47 / 2018 Top 1
26%
33 Bigflo & Oli 2018 Freestyle de Twitter
21%
37 McFly & Carlito 2017 On essaye des objets étranges #2
15%
33 McFly & Carlito 2018 1990 vs 2000
14%
Aucun quiz correspondant
Distribution des résultats
% des personnes avec chaque résultat
Percentile par nombre de réponses
Votre historique - résultats
Vous n’avez pas pris ce quiz